Quizzes
Events
Quiz Creation
Community
Videos
Private Events
Remove Ads
Sign In
Join for FREE
Feedback
Dark Mode
Quiz Categories
Sports
Geography
Music
Movies
Television
Just For Fun
Miscellaneous
History
Literature
Language
Science
Gaming
Entertainment
Religion
Holiday
For Kids
Quiz Lab
Recent
Popular Today
Quiz Kudos Today
Editor Picks
Curator Picks
Quizzes by...
Day
Popularity
Type
Ratings
Length
Year
Community
Subscriptions
Recent Discussions
Orange Saloon
Badges
Playlists
Quests
Create
Leaderboards
Showdown
Live 5
Trivia Bingo
Activity
Puzzle Library
Sporcle Events
Private Events
Virtual Trivia
Globe League
Become a Host
Pub Owners
SporcleCon
Opinionation
Our Games
Videos
Blog
Mobile Apps
Partnerships
Remove Ads and Go Orange
Feedback
Music
Pop Music
The Beatles
Song
Album
Lyrics
Bands
Singers
Artist
Clip
Rock
Rap
Classical
Billboard
Country Music
Kpop
Taylor Swift
Music
Pop Music
The Beatles
Song
Album
Lyrics
Bands
Singers
Artist
Clip
Rock
Rap
Classical
Billboard
Country Music
Kpop
Taylor Swift
Random Quiz
Search Sporcle
×
Quiz Lab
Quiz Lab
Music
kan
Type in answers that appear in a list
Type in answers that appear in a list
Classic
Best Score? Go Orange.
Jingle bells Stats
Kan du teksten til Jingle bells?
By
habananah
10m
240 Questions
72 Plays
72 Plays
72 Plays
Comments
Comments
Give Quiz Kudos
Give Quiz Kudos
-
- Ratings
hide this ad
Replay
Link that replays current quiz
Next Quiz
Link to next quiz in quiz playlist
You Got
0%
They Got
Avg Score
86%
Avg Friend Score
Upgrade to see
Score Distribution
Jump to the score distribution portion of the page
Score
0/240
Timer
10:00
0
Plays Today
Answer
% Correct
Bells
98.6%
Jingle
98.6%
bells,
98.6%
jingle
98.6%
bells
98.6%
Jingle
98.6%
Jingle
98.6%
bells,
98.6%
Jingle
98.6%
bells,
98.6%
Jingle
98.6%
Jingle
98.6%
bells,
98.6%
Jingle
98.6%
bells,
98.6%
Jingle
98.6%
Jingle
98.6%
bells,
98.6%
jingle
98.6%
bells,
98.6%
Jingle
98.6%
Jingle
98.6%
bells,
98.6%
jingle
98.6%
bells,
98.6%
Jingle
98.6%
Jingle
98.6%
bells,
98.6%
jingle
98.6%
bells,
98.6%
Jingle
98.6%
the
97.2%
a
97.2%
the
97.2%
all
97.2%
the
97.2%
way
97.2%
and
97.2%
A
97.2%
all
97.2%
the
97.2%
way.
97.2%
a
97.2%
A
97.2%
a
97.2%
And
97.2%
and
97.2%
The
97.2%
And
97.2%
a
97.2%
all
97.2%
the
97.2%
way.
97.2%
a
97.2%
all
97.2%
the
97.2%
way;
97.2%
a
97.2%
the
97.2%
the
97.2%
and
97.2%
a
97.2%
And
97.2%
the
97.2%
all
97.2%
the
97.2%
way.
97.2%
a
97.2%
all
97.2%
the
97.2%
way;
97.2%
a
97.2%
a
97.2%
way.
97.2%
the
97.2%
all
97.2%
is
95.8%
is
95.8%
is
95.8%
is
95.8%
Answer
% Correct
is
95.8%
is
95.8%
is
95.8%
is
95.8%
on
94.4%
fun
94.4%
it
94.4%
to
94.4%
Oh!
94.4%
fun
94.4%
it
94.4%
to
94.4%
Oh!
94.4%
fun
94.4%
it
94.4%
to
94.4%
Oh!
94.4%
fun
94.4%
to
94.4%
it
94.4%
it
94.4%
to
94.4%
Oh!
94.4%
fun
94.4%
it
94.4%
to
94.4%
Oh!
94.4%
fun
94.4%
it
94.4%
to
94.4%
to
94.4%
it
94.4%
fun
94.4%
Oh!
94.4%
In
93.1%
What
93.1%
what
93.1%
In
93.1%
I
93.1%
what
93.1%
In
93.1%
what
93.1%
In
93.1%
what
93.1%
In
93.1%
what
93.1%
In
93.1%
In
93%
what
93%
snow
91.7%
open
91.7%
go
91.7%
ride
91.7%
ride
91.7%
open
91.7%
ride
91.7%
ride
91.7%
open
91.7%
ride
91.7%
open
91.7%
Go
91.7%
open
91.7%
ride
91.7%
open
91.7%
ride
91.7%
open
91.7%
open
91.5%
ride
91.5%
sleigh
90.3%
sleigh.
90.3%
sleigh.
90.3%
sleigh.
90.3%
sleigh
90.3%
sleigh.
90.3%
sleigh.
90.3%
sleigh.
90.1%
through
88.9%
we
88.9%
Laughing
88.9%
ring
88.9%
Answer
% Correct
Dashing
87.5%
one-horse
87.5%
Making
87.5%
spirits
87.5%
one-horse
87.5%
one-horse
87.5%
one-horse
87.5%
one-horse
87.5%
one-horse
87.5%
one-horse
87.3%
O'er
86.1%
bright
86.1%
sing
86.1%
song
86.1%
tonight!
86.1%
Bright
86.1%
tonight
86.1%
sing
86.1%
song;
86.1%
bobtail
84.7%
sleighing
84.7%
sleighing
84.7%
fields
81.9%
horse
77.8%
He
75%
he
75%
day
73.6%
or
72.2%
two
70.8%
Two
70.8%
ago
69.4%
thought
68.1%
take
68.1%
Was
68.1%
by
68.1%
was
68.1%
Take
68.1%
an
68.1%
take
68.1%
I'd
66.7%
Fanny
66.7%
Miss
66.7%
my
66.7%
side,
66.7%
lean
66.7%
seated
65.3%
then
65.3%
soon,
63.9%
got
63.9%
bank
63.9%
got
63.9%
lank
62.5%
Misfortune
62.5%
Now
62.5%
you're
62.5%
young,
62.5%
his
61.1%
into
61.1%
white
61.1%
while
61.1%
his
61.1%
upsot.
59.7%
this
59.7%
speed
59.7%
seemed
58.3%
ground
58.3%
girls
58.3%
lot
56.9%
forty
56.9%
you'll
56.9%
lead.
56.9%
drifted
55.6%
bobtailed
54.2%
bay
54.2%
as
52.8%
crack!
47.2%
Hitch
45.8%
him
45.8%
Just
43.1%
get
40.3%
Quiz Playlist
Details
Report
Send in Message
Add To Playlist
Classic:
Type in answers that appear in a list
Last Updated: Feb 16, 2017
Quiz Scoreboard
CHALLENGE
Sign Up to Join the Scoreboard
Show All
Scores
Hide
Comments
May contain spoilers
Recently Published
An Introduction to Baseball
by treessimontrees
Sports
5m
Movies - When Are They Set?
by FPL_Elf
Movies
5m
Popular People in 1961
by mucciniale
History
6m
More to Explore
Quiz From the Vault
Featured Blog Post
Where Did the Easter Bunny Come From?
hide this ad
You Might Also Like...
Tags
bell
Jingle
kan
til
Today's Top Quizzes in Music
Browse Music
hide this ad
Top Contributed Quizzes in Music
1
Taylor Swift All Songs (2024)
2
2010s Album by Cover III
3
Guess the Artist- 70s Songs
4
One Thing in Common: Music
5
Taylor Swift Logic Puzzle
6
Guess the Taylor Swift song (Mystery Song)
7
2010s Album by Cover IV
8
2010s Album by Cover V
9
KPOP LOGIC QUIZ
10
Kpop Logic Quiz
Explore More
Trending Topics
Crossword
NBA
Marvel
Anime
Kpop
Disney
Harry Potter
Pokémon
WWE
Song
The Office
Soccer
NFL
Puzzle
Country
hide this ad
More By:
habananah
Quiz
Plays
Rating
Category
Featured
Created
Norge i Rødt, Hvitt og Blått
490
5.00
Music
May 11, 2014
Ja, vi elsker
288
Music
May 11, 2014
We Wish You a Merry Christmas
80
Music
Nov 16, 2014
Jingle bells
72
Music
Nov 16, 2014
Joy to the world
66
4.00
Music
Nov 16, 2014
Go to Creator's Profile
Score Distribution
Quiz Creator Spotlight
habananah
Follow
Send a Message
Quizzes Created
-
Created Quiz Play Count
-
More By This Creator
Popular Quizzes Today
1
Find the Countries of Europe - No Outlines Minefield
2
Find the US States - No Outlines Minefield
3
The Countries of the World
4
Popular People in 1961
5
US States
6
1-10 Letter E Words III
7
Find the US States
8
Risky Map Clicking: Biggest States A-Z
More Music Quizzes
EXO MV from the GIF of D.O!
Quiz Lab
Trending Quizzes
Risky Map Clicking: Least Populous States A-Z
1-10 Letter F Words
1-10 Letter G Words
One Thing in Common: United Kingdom
Risky Map Clicking: Next State Alphabetically
Recently Updated
Leaping Animals
pecheneg
Reality TV Shows (A-Z)
bhenderson79
Rickey Henderson's Hall of Fame Teammates
pecheneg
Champions League XIs: Arsenal
pecheneg
Quick Pick: Celebrities in WWE's Hall of Fame
aduchscher
A-Z Keypad Blitz II
pecheneg
Multiple Oscar Actors
pecheneg
Mystery Phrase Blitz: Oscar 'Best Actors'
pecheneg
F. Scott Fitzgerald Novels
LTH
Pick 3 Villains
ddd62291
Trending Topics
Marvel
Anime
Disney
Crossword
Kpop
NBA
Harry Potter
Soccer
Country
NFL
Puzzle
Song
The Office
WWE
Pokémon
Your Account Isn't Verified!
In order to create a playlist on Sporcle, you need to verify the email address you used during registration. Go to your
Sporcle Settings
to finish the process.
Report this User
Report this user for behavior that violates our
Community Guidelines
.
Details:
Send Report
Go to the Sporcle.com Mobile Site →
Comments